Statistiche per Città più grandi d'Italia A-Z

Clicka qui per fare il quiz!

Statistiche generali

  • Questo quiz è stato fatto 948 volte
  • Il punteggio medio è 16 su 21

Statistiche sulle risposte

Regione Popolazione Comune % Corretto
MLombardia1.345.851Milano
98%
BEmilia-R.386.663Bologna
97%
PSicilia674.435Palermo
97%
NCampania974.074Napoli
97%
TPiemonte886.837Torino
96%
FToscana382.808Firenze
96%
RLazio2.864.731Roma
96%
VVeneto263.352Venezia
95%
GLiguria586.655Genova
94%
CSicilia314.555Catania
91%
AMarche100.861Ancona
89%
UFriuli-V.G.99.169Udine
84%
SCampania135.261Salerno
82%
LToscana159.219Livorno
79%
OSardegna59.368Olbia
67%
IEmilia-R.69.797Imola
67%
JMarche40.399Jesi
47%
QSardegna71.125Quartu Sant'Elena
37%
ECampania53.709Ercolano
28%
DLombardia41.865Desio
22%
ZEmilia-R.18.770Zola Predosa
16%

Distribuzione punteggi

Percentile per numero di risposta

Percentuale di utenti per punteggio

I tuoi punteggi nel tempo

Non hai fatto questo quiz